Система автоматизации учёта держателей банковских дебетовых карт; Инновационные технологии и экономика в машиностроении

Opis bibliograficzny
Parent link:Инновационные технологии и экономика в машиностроении.— 2007.— С. 345-349
1. autor: Исаков М. Н.
Kolejni autorzy: Юнусова А. С.
Język:rosyjski
Wydane: 2007
Hasła przedmiotowe:
Format: Rozdział
KOHA link:https://koha.lib.tpu.ru/cgi-bin/koha/opac-detail.pl?biblionumber=135604

MARC

LEADER 00000naa2a2200000 4500
001 135604
005 20231031140149.0
035 |a (RuTPU)RU\TPU\book\146960 
090 |a 135604 
100 |a 20080414d2007 k y0rusy50 ca 
101 0 |a rus 
102 |a RU 
200 1 |a Система автоматизации учёта держателей банковских дебетовых карт  |f М. Н. Исаков, А. С. Юнусова 
463 0 |0 (RuTPU)RU\TPU\book\136479  |t Инновационные технологии и экономика в машиностроении  |o V Всероссийская научно-практическая конференция с международным участием, г. Юрга 14-15 сентября 2007 г.  |o труды  |f Томский политехнический университет (ТПУ) ; Юргинский технологический институт (филиал) ; под ред. Д. А. Чинахова  |v С. 345-349  |d 2007  |p 558 с. 
610 1 |a банковские карты 
610 1 |a дебетовые карты 
610 1 |a автоматизация учёта 
610 1 |a учёт 
610 1 |a автоматизация 
610 1 |a системы автоматизации 
610 1 |a рынок услуг 
610 1 |a банки 
610 1 |a пластиковые карты 
610 1 |a труды учёных ТПУ 
700 1 |a Исаков  |b М. Н. 
701 1 |a Юнусова  |b А. С. 
801 1 |a RU  |b 63413507  |c 20080414  |g PSBO 
942 |c BK